00633 a2200181 4500008004100000010001400041020002300055035001300078037001800091082001500109100002200124245008100146250001200227260004500239270008900284300002800373500005000401120830t xxu||||| |||| 00| 0 eng d aENG-85781 a0195683641c295.00 aEN-69314 bD.B.Act / PUB14a302.1409541 aPandey, Gyanendra1 aThe construction of communalism in colonial North Indiacby Gyanendra Pandey a2nd ed. aNew DelhibOxford University Pressc2006 aYMCA Library Building, Jai Singh Road,bNew Delhi, Akshaya PrakashancDelhie110 001 axxii, 320p.c22cm (pbk) aIncludes bibliographical references and index